00422nam a22001457a 4500003000400000008004100004082001700045100001800062245009200080260003200172300000900204502001500213650003100228650001700259OSt260425b |||||||| |||| 00| 0 eng d a634.44bR15E aKumar, Rakesh aEffect of Urea, Zinc Sulphate and Naa on Development Yield and Quality of Mallika Mango aPusa, SamastipurbRAUc2000 a70P. bMsc.d2000 aFruit and Fruit Technology aHorticulture